00412nam a2200169Ia 450000500170000000800410001702000180005804100120007608200130008810000160010124500340011725000090015126000350016050000080019565000240020370000150022720240823014428.0240823s9999||||xx |||||||||||||| ||und|| a81-219-0501-X aENGLISH A621.9 P5 aKhurmi .R.S 2aA Text Book of Machine Design a13th c2005bS chand New DaNew Delhi aYES aMachinebMechanical a Gupta J K